James Krüss - Die allerkleinste Poststation - Statistiken

Allgemein
  • Dieses Quiz wurde 12 mal gespielt
    11 seit der letzten Aktualisierung
  • Das Durchschnittsergebnis liegt bei 23 aus 183
Antwortstatistiken
row col Antwort % Korrekt
0 0 Die
100%
0 1 allerkleinste
67%
0 2 Poststation
67%
1 0 Die
33%
1 2 in
22%
1 3 keinem
22%
1 4 Lexikon
22%
2 0 Sie
22%
1 1 steht
22%
20 0 All
11%
5 3 alter
11%
36 2 am
11%
8 3 Art.
11%
26 2 auch
11%
18 0 Auf
11%
10 3 aus
11%
43 0 bedeutet,
11%
6 0 Bei
11%
37 4 bei
11%
35 4 besonders
11%
8 2 besond’rer
11%
7 2 Brief
11%
15 5 Brief
11%
22 3 Brief
11%
6 4 Briefe
11%
20 2 Briefe
11%
11 3 Brieflein
11%
13 1 Brieflein
11%
26 1 Brieflein
11%
42 2 Buche
11%
20 5 dann
11%
23 0 Dann
11%
27 3 dann
11%
37 0 Dann
11%
12 2 das
11%
30 3 das
11%
37 2 dein
11%
6 2 dem
11%
15 4 dem
11%
17 2 den
11%
10 0 Der
11%
15 0 Der
11%
25 2 der
11%
26 3 der
11%
38 0 Der
11%
27 0 Die
11%
40 4 die
11%
41 0 Die
11%
20 1 diese
11%
30 0 Doch
11%
35 0 Doch
11%
5 0 Dort
11%
3 0 Drei
11%
11 4 drinnen
11%
12 4 du
11%
16 1 du
11%
35 2 du
11%
40 2 du,
11%
5 2 ein
11%
7 0 Ein
11%
13 3 ein
11%
22 2 ein
11%
26 0 Ein
11%
18 1 einen
11%
17 0 Er
11%
20 4 er
11%
21 5 er
11%
23 2 er
11%
18 2 Federflaum.
11%
35 5 fein
11%
42 3 find’t
11%
23 1 fliegt
11%
33 0 Fürs
11%
17 3 ganzen
11%
30 4 gar
11%
38 3 gemacht.
11%
16 2 geträumt
11%
36 1 gibt’s
11%
21 4 gut
11%
37 1 hat
11%
28 3 hell
11%
3 2 hinterm
11%
23 3 ihn
11%
11 2 im
11%
13 0 Im
11%
16 3 im
11%
15 3 in
11%
41 2 in
11%
7 3 ist
11%
10 2 ist
11%
30 2 ist
11%
21 6 kann
11%
28 5 kann.
11%
12 5 kaum:
11%
41 3 keinem
11%
42 1 keinem
11%
2 4 Kind
11%
12 1 Kind,
11%
32 3 Kind
11%
43 2 Kind.
11%
27 2 lächelt
11%
30 1 leider
11%
41 4 Lexikon
11%
2 3 liebes
11%
32 2 liebes
11%
43 1 liebes
11%
2 1 liegt,
11%
20 3 liest
11%
22 5 lohnt
11%
35 3 Mal
11%
5 4 Marabu
11%
15 1 Marabu
11%
25 3 Marabu
11%
3 1 Meilen
11%
2 2 mein
11%
12 0 Mein
11%
23 5 Mond.
11%
6 3 Monde
11%
36 3 Morgen
11%
6 1 Nacht
11%
37 5 Nacht
11%
30 5 nicht
11%
33 2 nicht
11%
40 0 Nun
11%
31 2 nur,
11%
30 6 oft
11%
21 1 ordnet
11%
40 5 Poststation
11%
12 3 rätst
11%
28 1 scheint,
11%
16 4 Schlafe
11%
15 2 schreibt
11%
17 1 schreibt
11%
31 1 selten
11%
22 4 sich
11%
41 1 sich
11%
21 2 sie,
11%
28 4 sie
11%
33 3 sind.
11%
21 3 so
11%
28 2 so
11%
7 1 solcher
11%
26 4 Sonne
11%
27 1 Sonne
11%
38 1 Sonne
11%
36 4 Sonnenschein
11%
38 2 Spaß
11%
10 4 Spinnenweb
11%
11 5 steht
11%
13 2 steht
11%
33 1 Tageslicht
11%
16 5 tief
11%
5 1 trägt
11%
25 1 trägt
11%
13 4 Traum.
11%
17 4 Traum
11%
37 3 Traum
11%
32 1 Träume,
11%
35 1 träumst
11%
10 1 Umschlag
11%
8 0 Und
11%
11 0 Und
11%
21 0 Und
11%
22 0 Und
11%
28 0 Und
11%
31 0 Und
11%
31 3 und
11%
36 0 Und
11%
42 0 Und
11%
31 4 unverhofft
11%
8 1 von
11%
11 1 was
11%
16 0 Was
11%
40 3 was
11%
32 0 Weil
11%
40 1 weißt
11%
22 1 wenn
11%
3 3 Wind.
11%
7 4 zart
11%
6 5 zu
11%
26 5 zu
11%
23 4 zum
11%
25 0 Zuweilen
11%
Keine übereinstimmenden Quizze gefunden
Verteilung der Resultate
Anzahl Personen mit jedem Resultat
Perzentil nach korrekt beantworteten Fragen
Ihre Resultats-Entwicklung
Sie haben dieses Quiz seit der letzten Aktualisierung nicht gespielt